LIBRARY & INFORMATION CENTRE, KCAET, TAVANUR

ONLINE PUBLIC ACCESS CATALOGUE (OPAC)

Education in corparation (Record no. 11156)

MARC details
000 -LEADER
fixed length control field 00415cam a2200157ua 4500
041 ## - LANGUAGE CODE
Language code of text/sound track or separate title eng
082 ## - DEWEY DECIMAL CLASSIFICATION NUMBER
Classification number 334.01
Item number MW
100 ## - MAIN ENTRY--AUTHOR NAME
Personal name Mimshy of community devo, lopment and cooperatives .
245 ## - TITLE STATEMENT
Title Education in corparation
260 ## - PUBLICATION, DISTRIBUTION, ETC. (IMPRINT)
Place of publication :
Name of publisher Publication division ,
Year of publication 1961.
300 ## - PHYSICAL DESCRIPTION
Number of Pages 13 ; .
650 ## - SUBJECT ADDED ENTRY--TOPICAL TERM
Topical Term Co-operative education/change in corparation
942 ## - ADDED ENTRY ELEMENTS (KOHA)
Koha item type Books
Holdings
Withdrawn status Lost status Damaged status Home library Current library Date acquired Full call number Accession Number Koha item type
Withdrawn     KAUAET Sanskrit University 07/04/2012 334.01 5847 Books
free website counter